[Event "DSM WK M 2009"]
[Site "Karlsruhe GER"]
[Date "2009.05.16"]
[Round "1"]
[White "Jünger, Theresa"]
[Black "Brambach, Selina"]
[Result "0-1"]
[Termination "normal"]
[Board "1.2"]
[WhiteElo "1422"]
[BlackElo "967"]
[WhiteTeam "Staatliches Gymnasium Arnstadt"]
[BlackTeam "Schönborn-Gymnasium Bruchsal"]
[PlyCount "62"]
[EventCountry "GER"]
[EventRounds "7"]
[EventType "team-swiss"]
[EventDate "2009.05.15"]

1. d4 e6 2. e3 d5 3. Bd3 Nf6 4. f4 c5 5. c3 Nc6 6. Nf3 Bd6 7. O-O O-O 8. Ne5
Qb6 9. Rf3 Ne4 10. Rh3 Nxe5 11. fxe5 Be7 12. Qh5 h6 13. Qg4 f5 14. Qg6 Bg5 15.
Bxe4 fxe4 16. Rg3 Bd7 17. Qh5 Bb5 18. Nd2 Rf5 19. Qg4 Raf8 20. h4 Bxe3+ 21.
Rxe3 Qd8 22. Rg3 R8f7 23. Nb3 Rf1+ 24. Kh2 Qe7 25. Nxc5 g5 26. Nxe6 Bd7 27. Qe2
Bxe6 28. hxg5 Kf8 29. gxh6 Qh4+ 30. Rh3 Bxh3 31. gxh3 R7f2+ 0-1

[Event "DSM WK M 2009"]
[Site "Karlsruhe GER"]
[Date "2009.05.16"]
[Round "1"]
[White "Bürger, Nicoletta"]
[Black "Schätz, Bianca"]
[Result "0-1"]
[Termination "normal"]
[Board "1.3"]
[WhiteElo "984"]
[BlackElo "1458"]
[WhiteTeam "Schönborn-Gymnasium Bruchsal"]
[BlackTeam "Staatliches Gymnasium Arnstadt"]
[PlyCount "94"]
[BlackFideId "24655821"]
[EventCountry "GER"]
[EventRounds "7"]
[EventType "team-swiss"]
[EventDate "2009.05.15"]

1. e4 c5 2. Nf3 Nc6 3. Bc4 e6 4. Nc3 g6 5. d3 Bg7 6. Bf4 a6 7. a3 Nge7 8. O-O
O-O 9. Bd6 b6 10. Qd2 Nd4 11. Ne5 Bb7 12. b4 cxb4 13. axb4 b5 14. Bb3 Re8 15.
Qf4 f5 16. exf5 Ndxf5 17. Bxe7 Qxe7 18. Rfe1 Rac8 19. Ne4 d6 20. Rac1 Bxe5 21.
Qg4 Nd4 22. Qd1 Nxb3 23. cxb3 Rxc1 24. Qxc1 Rc8 25. Qd1 Bxe4 26. dxe4 Bc3 27.
Rf1 Bxb4 28. Qf3 Rc3 29. Qd1 Qc7 30. Qb1 d5 31. exd5 exd5 32. Rd1 Qc5 33. Qb2
Rc2 34. Qf6 Qd6 35. Qf3 Rd2 36. Re1 Qf8 37. Qg3 Bc5 38. Rf1 Re2 39. Qh4 Qe7 40.
Qxe7 Rxe7 41. Rd1 d4 42. Kf1 Rd7 43. Ke2 d3+ 44. Ke1 Bb4+ 45. Kf1 d2 46. Ke2
Re7+ 47. Kd3 Re1 0-1

[Event "DSM WK M 2009"]
[Site "Karlsruhe GER"]
[Date "2009.05.16"]
[Round "1"]
[White "Gregorzewski, Marie Sophie"]
[Black "Bischoff, Marlene"]
[Result "0-1"]
[Termination "normal"]
[Board "1.4"]
[WhiteElo "1126"]
[BlackElo "966"]
[WhiteTeam "Staatliches Gymnasium Arnstadt"]
[BlackTeam "Schönborn-Gymnasium Bruchsal"]
[PlyCount "78"]
[EventCountry "GER"]
[EventRounds "7"]
[EventType "team-swiss"]
[EventDate "2009.05.15"]

1. d4 e6 2. e3 d5 3. f4 c5 4. Nf3 Nc6 5. c3 Qb6 6. Bd3 Bd7 7. O-O Rc8 8. Bc2
cxd4 9. exd4 Nf6 10. Ne5 Bd6 11. Be3 Bxe5 12. fxe5 Nxe5 13. b3 Neg4 14. Bf4 O-O
15. Kh1 Bb5 16. Rf3 Rfe8 17. Qe1 Nd7 18. Qh4 Ngf6 19. Rg3 g6 20. Nd2 e5 21.
dxe5 Nxe5 22. Nf3 Nxf3 23. Rxf3 Re2 24. Rc1 Rce8 25. h3 Nh5 26. Bh6 Qd6 27. Bf4
Nxf4 28. Rxf4 Qe5 29. Rb4 Re1+ 30. Rxe1 Qxe1+ 31. Qxe1 Rxe1+ 32. Kh2 Bc6 33.
Rf4 Re2 34. Bd3 Rxa2 35. Bf1 Rc2 36. Rf3 d4 37. Rd3 Rxc3 38. Rxd4 Rxb3 39. Rd8+
Kg7 {Rest fehlte} 0-1

[Event "DSM WK M 2009"]
[Site "Karlsruhe GER"]
[Date "2009.05.16"]
[Round "1"]
[White "Klinger, Jacquelin"]
[Black "Hoffmann, Hanna Dorina"]
[Result "1-0"]
[Termination "normal"]
[Board "2.1"]
[WhiteElo "1329"]
[BlackElo "1398"]
[WhiteTeam "Märkische Schule Wattenscheid"]
[BlackTeam "Mallinckrodt-Gymnasium Dortmund"]
[PlyCount "102"]
[BlackFideId "12909858"]
[EventCountry "GER"]
[EventRounds "7"]
[EventType "team-swiss"]
[EventDate "2009.05.15"]

1. e4 c5 2. g3 d6 3. Bg2 Nf6 4. d3 g6 5. Nc3 Bg7 6. Bg5 O-O 7. f3 Nc6 8. Nge2
Nd4 9. Qd2 Be6 10. g4 Qb6 11. b3 Nxe2 12. Kxe2 Rfe8 13. h4 Qb4 14. Na4 Qxd2+
15. Kxd2 Nxg4 16. fxg4 Bxa1 17. Rxa1 Bxg4 18. Nc3 f6 19. Bf4 Rac8 20. Re1 Kg7
21. Rg1 Bh5 22. Be3 a6 23. Bh3 Rcd8 24. Nd5 Rb8 25. Nf4 e5 26. Nxh5+ Kf7 27.
Ng3 Rg8 28. Ne2 Rbd8 29. Nc3 Rgf8 30. Bh6 Rfe8 31. Nd5 Re7 32. Nxe7 Kxe7 33.
Rf1 d5 34. exd5 Rxd5 35. Bg2 Rd4 36. Bg7 Rf4 37. Rxf4 exf4 38. Bxb7 Ke6 39. Bh6
Kf5 40. Ke2 Kg4 41. Kf2 g5 42. hxg5 fxg5 43. Bf3+ Kf5 44. Be4+ Kg4 45. Bxg5
Kxg5 46. Bxh7 Kg4 47. Be4 a5 48. Bc6 Kg5 49. Kf3 Kf5 50. c3 Ke5 51. a3 Kd6 1-0

[Event "DSM WK M 2009"]
[Site "Karlsruhe GER"]
[Date "2009.05.16"]
[Round "1"]
[White "Demetrescu, Alice"]
[Black "Rohm, Marlena"]
[Result "0-1"]
[Termination "normal"]
[Board "2.2"]
[WhiteElo "800"]
[BlackElo "1466"]
[WhiteTeam "Mallinckrodt-Gymnasium Dortmund"]
[BlackTeam "Märkische Schule Wattenscheid"]
[PlyCount "66"]
[BlackFideId "12931632"]
[EventCountry "GER"]
[EventRounds "7"]
[EventType "team-swiss"]
[EventDate "2009.05.15"]

1. d4 d5 2. c4 e6 3. Nc3 Nf6 4. Bg5 Nbd7 5. e3 c6 6. cxd5 cxd5 7. Bb5 Bb4 8.
Bxd7+ Bxd7 9. Rc1 Rc8 10. Nge2 O-O 11. O-O h6 12. a3 Be7 13. Bxf6 Bxf6 14. e4
dxe4 15. Nxe4 Be7 16. Rxc8 Qxc8 17. Qc1 f5 18. Nc5 Bb5 19. Re1 b6 20. Nb3 Qxc1
21. Nbxc1 Rc8 22. h3 Kf7 23. Nc3 Ba6 24. d5 exd5 25. Nxd5 Bg5 26. Nd3 Bxd3 27.
f4 Bf6 28. b4 Be4 29. Ne3 Bd4 30. Kh1 Rc3 31. Nf1 Rc2 32. Ng3 Bxg2+ 33. Kh2
Bf3+ 0-1

[Event "DSM WK M 2009"]
[Site "Karlsruhe GER"]
[Date "2009.05.16"]
[Round "1"]
[White "Berger, Melanie"]
[Black "Vollmer, Dorothee"]
[Result "1-0"]
[Termination "normal"]
[Board "2.3"]
[WhiteElo "1395"]
[BlackElo "800"]
[WhiteTeam "Märkische Schule Wattenscheid"]
[BlackTeam "Mallinckrodt-Gymnasium Dortmund"]
[PlyCount "43"]
[EventCountry "GER"]
[EventRounds "7"]
[EventType "team-swiss"]
[EventDate "2009.05.15"]

1. d4 d5 2. Nf3 Nf6 3. e3 Nc6 4. c4 e6 5. b3 Bd7 6. Bd2 Bb4 7. Bc3 Bxc3+ 8.
Nxc3 O-O 9. Bd3 a5 10. a3 b6 11. O-O Qe7 12. Ne5 Be8 13. f4 Qd6 14. Qf3 Rd8 15.
Qh3 Bd7 16. Nb5 Qe7 17. Nxc7 Rc8 18. Nb5 Be8 19. Nc3 Rb8 20. cxd5 exd5 21. Nxd5
Nxd5 22. Qxh7# 1-0

[Event "DSM WK M 2009"]
[Site "Karlsruhe GER"]
[Date "2009.05.16"]
[Round "1"]
[White "Nguyen, Michelle"]
[Black "Müller, Laura Margarita"]
[Result "0-1"]
[Termination "normal"]
[Board "2.4"]
[WhiteElo "800"]
[BlackElo "1432"]
[WhiteTeam "Mallinckrodt-Gymnasium Dortmund"]
[BlackTeam "Märkische Schule Wattenscheid"]
[PlyCount "113"]
[BlackFideId "12917923"]
[EventCountry "GER"]
[EventRounds "7"]
[EventType "team-swiss"]
[EventDate "2009.05.15"]

1. e4 e5 2. Nf3 Nc6 3. Nc3 Bc5 4. Bc4 d6 5. O-O Bg4 6. Re1 Nf6 7. d3 h6 8. h3
Bh5 9. Be3 Bxe3 10. Rxe3 O-O 11. Qd2 Qd7 12. Nd5 Nxd5 13. Bxd5 Rab8 14. Rae1
Rfe8 15. b4 Ne7 16. d4 Nxd5 17. exd5 Bxf3 18. Rxf3 exd4 19. Rd1 c5 20. bxc5
dxc5 21. c3 Qxd5 22. cxd4 cxd4 23. Qxd4 Qxd4 24. Rxd4 Rbd8 25. Rdf4 Re7 26. g4
Rd2 27. h4 Rxa2 28. g5 hxg5 29. hxg5 Ra5 30. Rg4 Ree5 31. Rfg3 g6 32. f4 Re4
33. Kf2 Raa4 34. Kf3 Rac4 35. Rh4 Kf8 36. Rh8+ Ke7 37. Rh4 b5 38. Rg1 a5 39.
Rb1 Rb4 40. Rc1 Kd6 41. Ra1 a4 42. Rg4 Rec4 43. Rd1+ Kc6 44. Ra1 Rb3+ 45. Ke2
a3 46. Kd1 b4 47. Ra2 Rb2 48. Ra1 a2 49. Rg1 b3 50. f5 Rcc2 51. Rc1 Rxc1+ 52.
Kxc1 Rb1+ 53. Kd2 Rxg1 54. Kc3 Rg4 55. fxg6 fxg6 56. Kxb3 Rxg5 57. Kxa2 0-1

[Event "DSM WK M 2009"]
[Site "Karlsruhe GER"]
[Date "2009.05.16"]
[Round "1"]
[White "Heinemann, Josefine"]
[Black "Stolcz, Bianca"]
[Result "0-1"]
[Termination "normal"]
[Board "3.1"]
[WhiteElo "1120"]
[BlackElo "1435"]
[WhiteTeam "Werner-von-Siemens-Gymnasium Magdeburg"]
[BlackTeam "Friedrich-Dessauer-Gymnasium Aschaffenburg"]
[PlyCount "78"]
[WhiteFideId "12900460"]
[BlackFideId "24654914"]
[EventCountry "GER"]
[EventRounds "7"]
[EventType "team-swiss"]
[EventDate "2009.05.15"]

1. e4 c5 2. Nf3 d6 3. d4 cxd4 4. Nxd4 Nc6 5. Bb5 Bd7 6. Nc3 Nf6 7. Be3 e6 8. f3
a6 9. Be2 Be7 10. Qd2 b5 11. O-O O-O 12. Kh1 Ne5 13. b3 Qc7 14. Rac1 Rac8 15.
Nd1 d5 16. Nf2 dxe4 17. Nxe4 Nxe4 18. fxe4 Rfd8 19. Qe1 Bc5 20. c3 Ba7 21. Bf4
f6 22. Nf3 Qc5 23. Nxe5 fxe5 24. Bg5 Rf8 25. Rd1 Rxf1+ 26. Qxf1 Bc6 27. Bg4 Re8
28. Rd8 Rxd8 29. Bxe6+ Kh8 30. Bxd8 Bxe4 31. Bc8 Bxg2+ 32. Kxg2 Qd5+ 33. Kh3
Qxd8 34. Bxa6 Qd7+ 35. Kg3 h5 36. Qf8+ Kh7 37. Bc8 Qd3+ 38. Kh4 Qe4+ 39. Kg5
Be3+ 0-1

[Event "DSM WK M 2009"]
[Site "Karlsruhe GER"]
[Date "2009.05.16"]
[Round "1"]
[White "Künstler, Tabea"]
[Black "Peschos, Celine"]
[Result "0-1"]
[Termination "normal"]
[Board "3.2"]
[WhiteElo "1106"]
[BlackElo "981"]
[WhiteTeam "Friedrich-Dessauer-Gymnasium Aschaffenburg"]
[BlackTeam "Werner-von-Siemens-Gymnasium Magdeburg"]
[PlyCount "65"]
[EventCountry "GER"]
[EventRounds "7"]
[EventType "team-swiss"]
[EventDate "2009.05.15"]

1. e4 c5 2. d4 b6 3. Nf3 Bb7 4. Nc3 g6 5. Be3 d6 6. d5 Bg7 7. Bd2 a6 8. a4 Nf6
9. Bc4 O-O 10. O-O Qd7 11. h3 e5 12. Qc1 Qe7 13. Bg5 Nbd7 14. Ne2 Rfb8 15. Bh6
Rf8 16. Bxg7 Kxg7 17. Qg5 h6 18. Qh4 g5 19. Qg3 Nxe4 20. Qh2 Nef6 21. Nc3 b5
22. axb5 axb5 23. Rxa8 Rxa8 24. Bxb5 Nxd5 25. Nxd5 Bxd5 26. Rd1 Bxf3 27. gxf3
Rb8 28. Bxd7 Qxd7 29. b3 Ra8 30. Qg2 Ra2 31. Rd2 Qf5 32. h4 Ra1+ 33. Kh2 0-1

[Event "DSM WK M 2009"]
[Site "Karlsruhe GER"]
[Date "2009.05.16"]
[Round "1"]
[White "Zander, Carolin"]
[Black "Schnepper, Pauline"]
[Result "0-1"]
[Termination "normal"]
[Board "3.3"]
[WhiteElo "800"]
[BlackElo "1237"]
[WhiteTeam "Werner-von-Siemens-Gymnasium Magdeburg"]
[BlackTeam "Friedrich-Dessauer-Gymnasium Aschaffenburg"]
[PlyCount "28"]
[BlackFideId "12918040"]
[EventCountry "GER"]
[EventRounds "7"]
[EventType "team-swiss"]
[EventDate "2009.05.15"]

1. e4 c6 2. Nf3 d5 3. exd5 cxd5 4. d4 Bf5 5. Nc3 Nd7 6. Bb5 a6 7. Bxd7+ Qxd7 8.
Bf4 e6 9. Qd2 Bb4 10. O-O-O Rc8 11. Rhe1 Rxc3 12. bxc3 Ba3+ 13. Kb1 Qb5+ 14.
Ka1 Qb2# 0-1

[Event "DSM WK M 2009"]
[Site "Karlsruhe GER"]
[Date "2009.05.16"]
[Round "1"]
[White "Schwind, Clara"]
[Black "Walther, Laura"]
[Result "1/2-1/2"]
[Termination "normal"]
[Board "3.4"]
[WhiteElo "1018"]
[BlackElo "800"]
[WhiteTeam "Friedrich-Dessauer-Gymnasium Aschaffenburg"]
[BlackTeam "Werner-von-Siemens-Gymnasium Magdeburg"]
[PlyCount "99"]
[WhiteFideId "12964581"]
[EventCountry "GER"]
[EventRounds "7"]
[EventType "team-swiss"]
[EventDate "2009.05.15"]

1. e4 e5 2. Nf3 Nc6 3. d4 exd4 4. Nxd4 Nxd4 5. Qxd4 Nf6 6. Nc3 d6 7. Bc4 Bg4 8.
O-O Be7 9. Bf4 O-O 10. h3 Bh5 11. Qe3 h6 12. Qg3 Bg6 13. Rad1 Nh5 14. Qe3 Bg5
15. Bxg5 hxg5 16. Bb3 c6 17. e5 Re8 18. Rxd6 Qc7 19. Re1 Kh8 20. Rd3 Bxd3 21.
cxd3 f6 22. e6 Rad8 23. Bc2 Qd6 24. e7 Rd7 25. Rf1 Rexe7 26. Qd2 b5 27. Re1 b4
28. Nd1 c5 29. Ne3 a5 30. Rf1 Qc6 31. Qd1 g6 32. Ba4 Qd6 33. Bxd7 Qxd7 34. Qb1
f5 35. Nc4 Qd5 36. Nxa5 Nf4 37. f3 Nxd3 38. b3 Kg8 39. Qd1 Qd4+ 40. Kh2 Rd7 41.
Nc4 Qf4+ 42. Kg1 Rd4 43. Qe2 Rd8 44. Rd1 Qd4+ 45. Kh2 Qf4+ 46. g3 Qd4 47. Ne5
Re8 48. Qxd3 Qxe5 49. Qc4+ Re6 50. Rd8+ 1/2-1/2

[Event "DSM WK M 2009"]
[Site "Karlsruhe GER"]
[Date "2009.05.16"]
[Round "1"]
[White "Kohm, Vanessa"]
[Black "Rolfs, Rebecca"]
[Result "1-0"]
[Termination "normal"]
[Board "4.1"]
[WhiteElo "1732"]
[BlackElo "1107"]
[WhiteTeam "Gymnasium Kenzingen"]
[BlackTeam "Matthias-Claudius-Gymnasium Hamburg"]
[PlyCount "78"]
[WhiteFideId "4674472"]
[BlackFideId "24658219"]
[EventCountry "GER"]
[EventRounds "7"]
[EventType "team-swiss"]
[EventDate "2009.05.15"]

1. d4 d5 2. c4 e6 3. Nc3 c6 4. Nf3 Nd7 5. e3 Ngf6 6. Qc2 g6 7. Bd2 Bg7 8. cxd5
exd5 9. b4 O-O 10. Bd3 Qe7 11. Rb1 Ne8 12. O-O Ndf6 13. Bc1 Nd6 14. b5 Bd7 15.
Ne5 Rfe8 16. Ba3 Bf8 17. bxc6 bxc6 18. Ba6 Qe6 19. Na4 Nc4 20. Nxc4 dxc4 21.
Bxc4 Qe4 22. Bd3 Qd5 23. Bxf8 Rxf8 24. Nc5 Rfe8 25. Bc4 Qf5 26. Qxf5 Bxf5 27.
Bd3 Bxd3 28. Nxd3 Ne4 29. Rfc1 Re6 30. Rb7 a5 31. Rb6 Rc8 32. Ra6 Rd6 33. f3
Nf6 34. Rxa5 Kf8 35. Ne5 Ke7 36. Ra7+ Nd7 37. Nc4 Rd5 38. Nb6 Rd6 39. Nxc8+ Ke6
1-0

[Event "DSM WK M 2009"]
[Site "Karlsruhe GER"]
[Date "2009.05.16"]
[Round "1"]
[White "Thiebach, Janina"]
[Black "Hüglin, Larissa"]
[Result "0-1"]
[Termination "normal"]
[Board "4.2"]
[WhiteElo "800"]
[BlackElo "1135"]
[WhiteTeam "Matthias-Claudius-Gymnasium Hamburg"]
[BlackTeam "Gymnasium Kenzingen"]
[PlyCount "54"]
[WhiteFideId "12909360"]
[BlackFideId "12911933"]
[EventCountry "GER"]
[EventRounds "7"]
[EventType "team-swiss"]
[EventDate "2009.05.15"]

1. e4 e5 2. Nf3 Nc6 3. Bc4 Nf6 4. d3 h6 5. Nc3 Bc5 6. Bd2 d6 7. Nd5 Be6 8. Bc3
Ng4 9. O-O O-O 10. h3 Nf6 11. d4 exd4 12. Bxd4 Nxd4 13. Nxd4 Nxd5 14. exd5 Bd7
15. c3 Qg5 16. Qf3 c6 17. dxc6 bxc6 18. Rfe1 d5 19. Bb3 Bb6 20. Qd3 Bc7 21. Bc2
g6 22. Re2 Rfe8 23. Rae1 Rxe2 24. Rxe2 Bxh3 25. Qxh3 Qc1+ 26. Bd1 Qxd1+ 27. Re1
Qxe1# 0-1

[Event "DSM WK M 2009"]
[Site "Karlsruhe GER"]
[Date "2009.05.16"]
[Round "1"]
[White "Schulze, Tabea"]
[Black "Kiemele, Nicole"]
[Result "0-1"]
[Termination "normal"]
[Board "4.3"]
[WhiteElo "1036"]
[BlackElo "796"]
[WhiteTeam "Gymnasium Kenzingen"]
[BlackTeam "Matthias-Claudius-Gymnasium Hamburg"]
[PlyCount "88"]
[EventCountry "GER"]
[EventRounds "7"]
[EventType "team-swiss"]
[EventDate "2009.05.15"]

1. e4 e5 2. Nf3 Nc6 3. Bc4 Bc5 4. Nc3 d6 5. h3 Nf6 6. O-O O-O 7. d3 Re8 8. Ng5
Be6 9. Nxe6 fxe6 10. Qf3 Nd4 11. Qg3 Bb4 12. Bh6 g6 13. Rac1 Bxc3 14. bxc3 Ne2+
15. Kh1 Nxg3+ 16. fxg3 Nh5 17. Bxe6+ Kh8 18. Kh2 Ng7 19. Bxg7+ Kxg7 20. Rf7+
Kh8 21. Rcf1 Qg5 22. R1f6 Qh6 23. Bf5 Rf8 24. Be6 Rxf7 25. Rxf7 Rf8 26. d4 Rxf7
27. Bxf7 exd4 28. cxd4 Qd2 29. e5 Qxc2 30. e6 Qe2 31. d5 c5 32. Be8 a6 33. Bd7
c4 34. Ba4 b5 35. Bb3 cxb3 36. axb3 a5 37. h4 a4 38. bxa4 bxa4 39. Kh3 a3 40.
Kh2 a2 41. Kh3 h5 42. Kh2 a1=R 43. e7 Qxe7 44. g4 Qxh4# 0-1

[Event "DSM WK M 2009"]
[Site "Karlsruhe GER"]
[Date "2009.05.16"]
[Round "1"]
[White "Hölzer, Jeanette"]
[Black "Zimmermann, Lara"]
[Result "1-0"]
[Termination "normal"]
[Board "4.4"]
[WhiteElo "800"]
[BlackElo "1006"]
[WhiteTeam "Matthias-Claudius-Gymnasium Hamburg"]
[BlackTeam "Gymnasium Kenzingen"]
[PlyCount "91"]
[WhiteFideId "12917982"]
[EventCountry "GER"]
[EventRounds "7"]
[EventType "team-swiss"]
[EventDate "2009.05.15"]

1. e4 e5 2. Nf3 Nc6 3. Bc4 Bc5 4. d3 Nf6 5. Nc3 d6 6. Bg5 Bg4 7. h3 Bh5 8. g4
Bg6 9. Nd5 O-O 10. Bxf6 gxf6 11. Qd2 Bd4 12. c3 Bb6 13. g5 f5 14. exf5 Bxf5 15.
Nf6+ Kh8 16. Nh4 Bg6 17. Nxg6+ fxg6 18. Ng4 Qe7 19. O-O-O e4 20. Rhe1 Rae8 21.
Rxe4 Qd7 22. Nf6 Rxf6 23. gxf6 Rf8 24. Rf4 d5 25. Bb5 a6 26. Bxc6 Qxc6 27. f7
Bc5 28. Re1 Bd6 29. Rf6 Kg7 30. Ree6 Qa4 31. b3 Qh4 32. Rf3 Rxf7 33. Rxf7+ Kxf7
34. Re3 Bf4 35. Rf3 g5 36. Kc2 Kg6 37. Qe2 c6 38. c4 d4 39. Qe4+ Kg7 40. Qxd4+
Kg6 41. a4 h5 42. b4 b5 43. axb5 cxb5 44. cxb5 axb5 45. Qb6+ Kg7 46. Qxb5 1-0

[Event "DSM WK M 2009"]
[Site "Karlsruhe GER"]
[Date "2009.05.16"]
[Round "1"]
[White "Rottler, Corinna"]
[Black "Schneckenburger, Johanna"]
[Result "1-0"]
[Termination "normal"]
[Board "5.3"]
[WhiteElo "800"]
[BlackElo "822"]
[WhiteTeam "Gymnasium Neureut"]
[BlackTeam "Max-Planck-Schule Kiel"]
[PlyCount "101"]
[EventCountry "GER"]
[EventRounds "7"]
[EventType "team-swiss"]
[EventDate "2009.05.15"]

1. e4 e5 2. Bc4 Nf6 3. Nc3 Bc5 4. Nf3 d6 5. h3 Nc6 6. O-O O-O 7. d3 h6 8. Be3
Bb6 9. Nd5 Be6 10. Bb3 Re8 11. c4 Nd4 12. Nxd4 Bxd4 13. Bxd4 exd4 14. f3 c6 15.
Nf4 Bd7 16. Qe1 c5 17. Nd5 Bc6 18. Qg3 Re5 19. f4 Re8 20. Rae1 Re6 21. f5 Re5
22. Rf3 Nh5 23. Qg4 Nf6 24. Qh4 Nxd5 25. Qxd8+ Rxd8 26. cxd5 Bd7 27. Rg3 b5 28.
Bd1 c4 29. dxc4 bxc4 30. Bh5 Re7 31. f6 g6 32. fxe7 Re8 33. Be2 Rxe7 34. Bxc4
g5 35. Rd3 f5 36. Rxd4 Re5 37. Bd3 f4 38. Be2 Be8 39. Bg4 Bf7 40. Rc1 Re8 41.
Rc7 Kf8 42. b4 Re5 43. b5 Re8 44. Rxa7 Rb8 45. a4 Kg7 46. Rb4 Kf6 47. b6 Be8
48. b7 Ke7 49. Ra8 Rxa8 50. bxa8=Q Kf8 51. Rb7 1-0

[Event "DSM WK M 2009"]
[Site "Karlsruhe GER"]
[Date "2009.05.16"]
[Round "1"]
[White "Lentz, Christine"]
[Black "Schweiger, Lauralie"]
[Result "0-1"]
[Termination "normal"]
[Board "5.4"]
[WhiteElo "800"]
[BlackElo "964"]
[WhiteTeam "Max-Planck-Schule Kiel"]
[BlackTeam "Gymnasium Neureut"]
[PlyCount "74"]
[EventCountry "GER"]
[EventRounds "7"]
[EventType "team-swiss"]
[EventDate "2009.05.15"]

1. e4 c6 2. Nc3 d5 3. Nf3 Nf6 4. Bd3 Bg4 5. b3 e6 6. O-O Bc5 7. h3 Bh5 8. a4
O-O 9. Ba3 Nbd7 10. exd5 cxd5 11. Bb5 Bxa3 12. Rxa3 Qe7 13. Ra1 a6 14. Bxd7
Qxd7 15. Ne5 Qc7 16. Nf3 e5 17. Qc1 Bxf3 18. gxf3 e4 19. fxe4 dxe4 20. Re1 Rfe8
21. Qb2 Rad8 22. d3 exd3 23. Red1 d2 24. b4 Re5 25. b5 a5 26. b6 Qe7 27. Kg2
Rd6 28. f3 Re1 29. Qb3 Rxd1 30. Rxd1 Nd7 31. Nd5 Qe2+ 32. Kg3 Qxd1 33. Nc3 Qe1+
34. Kg4 d1=Q 35. Nxd1 Qxd1 36. Qc3 Qg1+ 37. Kf4 g5+ 0-1

[Event "DSM WK M 2009"]
[Site "Karlsruhe GER"]
[Date "2009.05.16"]
[Round "1"]
[White "Kickert, Germaine Helene"]
[Black "Ebel, Britta"]
[Result "1-0"]
[Termination "time forfeit"]
[Board "6.1"]
[WhiteElo "1926"]
[BlackElo "938"]
[WhiteTeam "Mariengymnasium Jever"]
[BlackTeam "Trave-Gymnasium Lübeck"]
[PlyCount "75"]
[WhiteFideId "24614890"]
[EventCountry "GER"]
[EventRounds "7"]
[EventType "team-swiss"]
[EventDate "2009.05.15"]

1. e4 e5 2. Nf3 Nc6 3. Bc4 Nf6 4. d3 h6 5. O-O d6 6. c3 Bg4 7. Nbd2 d5 8. exd5
Nxd5 9. Qb3 Na5 10. Qa4+ Nc6 11. Bxd5 Qxd5 12. Qxg4 Qxd3 13. Re1 f6 14. Qe6+
Be7 15. Ne4 Nd8 16. Qb3 b6 17. Qa4+ c6 18. Rd1 Qe2 19. Rd2 Qb5 20. Qxb5 cxb5
21. Rd5 a6 22. Be3 f5 23. Nd6+ Bxd6 24. Rxd6 e4 25. Nd4 O-O 26. Rxb6 f4 27. Bd2
h5 28. a4 bxa4 29. Rxa4 h4 30. Raxa6 Rc8 31. b4 e3 32. Be1 Re8 33. Ne6 Re7 34.
Nxf4 e2 35. f3 Rc4 36. Ne6 Rd7 37. Rb8 Rd1 38. Kf2 1-0

[Event "DSM WK M 2009"]
[Site "Karlsruhe GER"]
[Date "2009.05.16"]
[Round "1"]
[White "Schütt, Sinja"]
[Black "Siewert, Jessica"]
[Result "0-1"]
[Termination "normal"]
[Board "6.2"]
[WhiteElo "800"]
[BlackElo "905"]
[WhiteTeam "Trave-Gymnasium Lübeck"]
[BlackTeam "Mariengymnasium Jever"]
[PlyCount "48"]
[EventCountry "GER"]
[EventRounds "7"]
[EventType "team-swiss"]
[EventDate "2009.05.15"]

1. e4 e5 2. Nf3 Nc6 3. Bb5 Bd6 4. O-O Nf6 5. d3 O-O 6. Bg5 Nd4 7. c3 Nxb5 8.
Na3 a6 9. c4 Nd4 10. Qc1 Ne2+ 11. Kh1 Nxc1 12. Rfxc1 Qe7 13. d4 exd4 14. Nxd4
Qe5 15. g3 Qxe4+ 16. f3 Qxd4 17. Rab1 b6 18. b3 Bb7 19. Kg2 Bxa3 20. h4 Bxc1
21. Rxc1 Rfe8 22. Kh3 Bxf3 23. Kh2 Qf2+ 24. Kh3 Qg2# 0-1

[Event "DSM WK M 2009"]
[Site "Karlsruhe GER"]
[Date "2009.05.16"]
[Round "1"]
[White "Scherf, Anna-Maria"]
[Black "Teege, Laura"]
[Result "1-0"]
[Termination "normal"]
[Board "6.3"]
[WhiteElo "800"]
[BlackElo "800"]
[WhiteTeam "Mariengymnasium Jever"]
[BlackTeam "Trave-Gymnasium Lübeck"]
[PlyCount "115"]
[EventCountry "GER"]
[EventRounds "7"]
[EventType "team-swiss"]
[EventDate "2009.05.15"]

1. e3 e5 2. Nf3 Nc6 3. Bb5 a6 4. Bxc6 dxc6 5. Nxe5 Nh6 6. O-O Bd6 7. Nc4 Be7 8.
b3 O-O 9. Bb2 Bg4 10. f3 Bh5 11. Qe1 Nf5 12. e4 Nd4 13. Bxd4 Qxd4+ 14. Qf2 Qxa1
15. Nc3 Qxf1+ 16. Qxf1 b5 17. g4 Bg6 18. Ne5 b4 19. Nxc6 Rae8 20. Nd5 Bc5+ 21.
Kg2 f6 22. Qc4 Bd6 23. Ndxb4+ Bf7 24. Qxa6 Bxb4 25. Nxb4 Rd8 26. d3 Ra8 27. Qc6
Rac8 28. Nd5 Be8 29. Qe6+ Bf7 30. Qd7 Rfd8 31. Qe7 c6 32. Nf4 Ra8 33. a4 Re8
34. Qc5 Rac8 35. b4 h6 36. c4 g5 37. Nh5 Bxh5 38. gxh5 Re6 39. Qf5 Re5 40.
Qxc8+ Kf7 41. b5 cxb5 42. axb5 Re8 43. Qd7+ Re7 44. Qf5 Re5 45. Qg6+ Ke6 46. d4
Rxb5 47. cxb5 Kd6 48. Qxf6+ Kc7 49. b6+ Kb7 50. d5 Ka6 51. d6 Kb7 52. d7 Ka6
53. d8=Q Kb5 54. Qd5+ Kb4 55. Qfd4+ Ka3 56. Q5c5+ Ka2 57. Qdb4 Ka1 58. Qca5#
1-0

[Event "DSM WK M 2009"]
[Site "Karlsruhe GER"]
[Date "2009.05.16"]
[Round "1"]
[White "Eifert, Pia"]
[Black "Freesemann, Tanja"]
[Result "0-1"]
[Termination "normal"]
[Board "6.4"]
[WhiteElo "800"]
[BlackElo "800"]
[WhiteTeam "Trave-Gymnasium Lübeck"]
[BlackTeam "Mariengymnasium Jever"]
[PlyCount "48"]
[EventCountry "GER"]
[EventRounds "7"]
[EventType "team-swiss"]
[EventDate "2009.05.15"]

1. e4 e5 2. Nf3 Nc6 3. Bc4 Bc5 4. d3 Nf6 5. O-O d6 6. Bg5 h6 7. Be3 b6 8. d4
Qe7 9. a3 a5 10. Nc3 Be6 11. Bb5 Qd7 12. Qe2 Nxd4 13. Bxd7+ Bxd7 14. Rfd1 Nxe2+
15. Kf1 Nxc3 16. Rd3 Ncxe4 17. c3 Bb5 18. Rad1 g5 19. b4 axb4 20. axb4 Bxe3 21.
fxe3 Ng4 22. Kg1 Bxd3 23. Rxd3 Ra1+ 24. Ne1 Rxe1# 0-1